Vista normal
Vista MARC
Entrada Materia (personas)
Número de registros utilizados en: 12
001 - CONTROL NUMBER
- control field: 30109
003 - CONTROL NUMBER IDENTIFIER
- control field: Co-BoUCM
005 - DATE AND TIME OF LATEST TRANSACTION
- control field: 20130225155656.0
008 - FIXED-LENGTH DATA ELEMENTS
- fixed length control field: 130225|| aca||aabn | a|a d
040 ## - CATALOGING SOURCE
- Original cataloging agency: Co-BoUCM
- Transcribing agency: Co-BoUCM
100 ## - HEADING--PERSONAL NAME
- Personal name: Méndez Álvarez, Carlos Eduardo
670 ## - SOURCE DATA FOUND
- Source citation: Work cat.: (Co-BoUCM)46309: Méndez Álvarez, Carlos Eduardo, Gestión en salud, 2005.